[Event "E World Cup 2021"]
[Site "Sochi"]
[Date "2021.07.17"]
[Round "2.9"]
[White "Cheparinov, Ivan"]
[Black "Svane, Rasmus"]
[Result "1-0"]
[WhiteElo "2661"]
[BlackElo "2669"]
[EventDate "2021.??.??"]
[Annotator "Bojkov,Dejan"]
[PlyCount "121"]
[Beauty "6327560590864"]
[EventType "team-tourn"]
[EventCountry "RUS"]

{After a nerve-racking second blitz game which Cheparinov needed to win on demand, the psychological advantage was clearly on his side.} 
1.e4 e5 {Svane was consistent with his classical approach against the two main moves through the match, whereas Cheparinov was alternating 1.e4 and d4.} 2.Nf3 Nc6 3.d4 exd4 4.Nxd4 Nf6 5.Nxc6 bxc6 6.e5 Qe7 7.Qe2 Nd5 8.h4 {It is no longer a secret that the Bulgarian GM firmly believes in this move.} 8...Qe6 ( {Last year, Aronian held the opposite-colored bishop position after} 8...d6 9.c4 Nb6 10.exd6 cxd6 11.Nc3 Be6 12.b3 d5 13.cxd5 Nxd5 14.Bb2 Qb4 15.Qc4 Qxc4 16.Bxc4 Bb4 17.Bxd5 Bxd5 18.O-O-O Bxc3 19.Bxc3 f6 {Nepomniachtchi,I (2784)-Aronian,L (2781) Online 2020} ) 9.Nd2 {The more flexible move, which scores better than 9.g3.} 9...a5 10.g3 Ba6 11.c4 Nb4 12.Bh3 {White deviates from their earlier game, played just minutes prior to this one.} ( {After} 12.Nf3 Qg6 13.h5 Qc2 14.Rh4 Be7 15.Bg5 Bxg5 16.Nxg5 Rb8 17.a3 Qxe2+ 18.Kxe2 Nd5 19.Ke1 Ne7 20.b4 c5 21.b5 {White was better, but failed to convert, Cheparinov,I (2609) -Svane,R (2644) Sochi 2021} ) 12...Qg6 $146 {And this worked spectacularly well for Cheparinov! The novelty played by Svane is an obvious mistake.} ( 12...f5 13.O-O Nc2 14.Rb1 Nd4 15.Qd3 Bc5 16.b3 O-O 17.Ne4 Ba7 18.Bf4 Qg6 {and Black even won later in Vusatiuk,V (2372)-Stegariu,V (2594) Chess.com 2020} ) 13.Ne4 {Obvious but very strong. The black queen is in danger, h4-h5 being a decisive threat.} 13...h5 14.a3 {Not the only way to terrorize Black.} ( 14.Bg5 $1 {intending to jump with the knight to d6 is equally good:} 14...Nd5 {and White should be winning after castling either kingside or queenside.} 15.O-O-O ( 15.O-O ) ) ( 14.O-O {at once is excellent too.} ) 14...Nd5 15.O-O Nb6 16.Qf3 {Renewing the trapping threat. This time the bishop wants the queen.} ( {Even better might be} 16.b3 $1 a4 17.Qf3 {but that is a small detail.} ) 16...Qh7 {As ugly as this is, it's the only way to save the game.} ( 16...Nxc4 {does not work after} 17.Bf5 Nxe5 18.Qf4 ) ( {However, the tricky} 16...Bxc4 $1 17.Bf5 Be2 $1 {almost works when White needs to find} 18.Qf4 Nd5 19.Nd6+ $1 cxd6 20.Qe4 {finally trapping the queen. Still, this might have been a better practical chance for Svane.} ) 17.Bf5 {The simplest moves are best when blitzing.} ( {Another way to break open the king's castle is} 17.Ng5 Qg8 18.Rd1 Rd8 19.e6 fxe6 20.Bxe6 dxe6 21.Qxc6+ Rd7 22.Be3 {with a decisive attack.} ) 17...Qg8 18.c5 {White is completely winning. Black's position is a pain to watch, but Svane keeps fighting and it was almost a matter of seconds at the end.} ( 18.b3 a4 19.Re1 axb3 20.Bg5 {would have been great for White.} ) 18...Nd5 ( {As after} 18...Bxf1 19.cxb6 Bc4 20.bxc7 Bd5 21.Qd3 {Black cannot stop the deadly check on d6.} ) 19.Re1 {with the unstoppable threat of opening the e-file.} 19...Be7 20.Nd6+ Kd8 ( 20...cxd6 21.exd6 {is not playable at all.} ) 21.Bd2 $1 {The simplest. But White was running below a minute on the clock here in the search for a forcing win.} 21...Bc8 22.Ne4 {A sensible retreat.} ( {Although} 22.Rad1 cxd6 23.cxd6 {is a legit way to finish the battle.} ) 22...f6 23.exf6 gxf6 24.Rad1 Qg7 25.Nc3 $1 {Removing the last defender.} 25...Bb7 26.Be4 ( {Or} 26.Nxd5 cxd5 27.b4 ) 26...Nxc3 27.Bxc3 Kc8 28.Bf5 Rd8 {Everything is ready for the decisive blow.} 29.Rxd7 $1 {Here it is!} 29...Rxd7 30.Rd1 Kb8 31.Rxd7 {Svane knows that he is lost and understands that his only chance is to flag the opponent before he reaches move 60. A rapid sequence of moves follows with no one blundering anything.} 31...Qf8 32.Qf4 Bd8 33.Qd4 Be7 34.Qf4 Bd8 35.Bd4 Bc8 36.Rh7 Bxf5 37.Qxf5 Kb7 38.Qxh5 Be7 39.Qf7 Rd8 40.Qxf8 Bxf8 41.Bxf6 Rd1+ 42.Kg2 Bxc5 43.Be5 Bb6 44.h5 Rd2 45.Rf7 Rd5 46.f4 Rd2+ 47.Kh3 Bg1 48.Kg4 Kb6 49.h6 Rh2 50.h7 c5 51.Kg5 ( {Cheparinov does not even have time to promote to a queen:} 51.h8=Q Rxh8 52.Bxh8 {The promotion move is too laborious, and this may waste precious seconds on the clock, although White is winning, of course..} ) 51...Bd4 52.Bxd4 cxd4 53.Kg6 d3 54.Rd7 d2 55.Rxd2 Rxd2 56.h8=Q Rd6+ 57.Kg5 Rd5+ 58.f5 Rd8 {The last cheapo.} 59.Qxd8 Kb7 60.Qd5+ Kb6 61.b4 {Because the two-second increment had been triggered, Svane resigned here.} 1-0

[Event "E World Cup 2021"]
[Site "Sochi"]
[Date "2021.07.22"]
[Round "?"]
[White "Bacrot, Etienne"]
[Black "Ponkratov, Pavel"]
[Result "1-0"]
[WhiteElo "2678"]
[BlackElo "2629"]
[EventDate "2021.??.??"]
[Annotator "Bojkov,Dejan"]
[PlyCount "87"]
[Beauty "7427072216141"]
[EventType "team-tourn"]
[EventCountry "RUS"]

1.e4 e6 2.d4 d5 3.Nc3 Bb4 4.Ne2 {I have not seen this line in a while. A lovely delight to my eyes.} 4...dxe4 5.a3 Be7 6.Nxe4 Nf6 7.Qd3 {One of the two best continuations. If I recall correctly, other French GMs like Degraeve and Bauer have used it in the past. The most curious part, however, is that it is a pet line of Ponkratov, who scores really well as White!} ( {The main move is still} 7.N2g3 {and it has been tried by the likes of Firouzja, Radjabov, Bronstein... Here is an old game by a hidden specialist of the line:)} 7...Nbd7 8.Bd3 c5 9.dxc5 Nxc5 10.Nxc5 Bxc5 11.O-O Bd7 12.Nh5 Nxh5 13.Qxh5 Qb6 14.Bf4 Bc6 15.Rae1 g6 16.Bxg6 $1 fxg6 17.Rxe6+ {with a crushing attack for White in Bojkov,D (2445)-Yasim,H (2217) Istanbul 2006} ) 7...Nc6 8.Be3 ( {Here is one success story of the Russian GM:} 8.Bf4 O-O 9.O-O-O b6 10.N2c3 Nd5 11.Nxd5 exd5 12.Nc3 Be6 13.h4 {and White eventually prevailed in Ponkratov,P (2611)-Socko,B (2663) Moscow 2014} ) 8...O-O ( {Black can always release some pressure in the center with a trade} 8...Nxe4 9.Qxe4 O-O 10.O-O-O Qd5 11.Qd3 Qa2 12.Nc3 Qa1+ 13.Nb1 e5 14.d5 Nd4 {with interesting double-edged play in Philippe,C (2371)-Dgebuadze,A (2550) Vandoeuvre 2004} ) 9.O-O-O Ng4 $146 {A risky affair.} ( {An earlier game led to a position similar to the game of Ponkratov from above. The only difference is that the queens were traded:} 9...Nxe4 10.Qxe4 Qd5 11.Qxd5 exd5 12.Bf4 Bd8 13.h4 {and White is somewhat better in Campora,D (2505)-Maus,S (2280) Seville 2003} ) 10.h4 {Bacrot does not want to spend a tempo on h2-h3.} 10...f5 ( {In case of} 10...Nxe3 {White would have likely attacked in the spirit of the Rubinstein French with} 11.fxe3 h6 ( {Pawns like this one} 11...Bxh4 $4 {should not be taken, even if they offer you money:} 12.g3 Be7 13.Nf6+ ) 12.g4 ) 11.Ng5 h6 ( {Now} 11...Nxe3 12.Qxe3 {does not make sense anymore for Black due to the gaping hole on e5 and the bad e6-pawn.} ) 12.Nf3 Bd6 13.g3 {White fixes some squares for his pieces to play around.} 13...Rb8 {Ponkratov needs to find counterplay now.} ( 13...Nxe3 14.Qxe3 {is as before not good for Black.} ) 14.c4 {The most active play!} ( {Also interesting is the restrained approach} 14.Nf4 $5 {when White does not fear} 14...Bxf4 ( {Nor does he fear} 14...b5 15.d5 $1 ) 15.gxf4 ) 14...b5 ( {Perhaps the restrained} 14...b6 $5 ) 15.c5 Be7 16.Nf4 b4 {Consistent but now Black opens too many squares for the opponent's pieces.} ( {Stronger seems} 16...Bf6 {when a direct approach like} 17.d5 exd5 18.Qxd5+ Qxd5 19.Nxd5 {does not yield White much:} 19...Bb7 {and the pawn is not appealing:} 20.Nxc7 Nxe3 21.fxe3 Ne7 22.Be2 Rfc8 ) 17.a4 b3 {Practically giving up this pawn in the hope to open files against the enemy king.} ( {Perhaps} 17...Na5 $5 {is the way to play, although White is very comfortable with} 18.b3 Bf6 19.Bg2 ) ( {Or} 17...Bf6 $5 ) 18.Qc3 $1 {This simple maneuver is the problem! The white bishop is open and ready to seize the a2-g8 diagonal, thus causing havoc in the enemy camp.} 18...Nf6 ( {Or else White dominates completely:} 18...Bf6 19.Bc4 Re8 20.Rhe1 ) 19.Bb5 Ne4 20.Qxb3 {After a thorough calculation, Bacrot picks up the pawn. It is not about the material that much, though; it is about the diagonal that he seizes and from where he wants to mate the opponent's king first.} ( {There is also} 20.Qd3 $5 Qe8 21.d5 Nb4 22.Qc4 {with an edge for White.} ) 20...Na5 ( {Notice that} 20...a6 {does not win anything on the pin due to} 21.Ne5 $1 ( {or also} 21.d5 $5 ) 21...Nxe5 22.dxe5 ) 21.Qa2 a6 22.Nxe6 {Once more, the French GM follows the most principled path.} ( {Still, the more cautious} 22.Bc4 {might be better when White is in control after} 22...Nxc4 23.Qxc4 Qe8 24.Ne5 ) 22...Bxe6 23.Qxe6+ Kh8 24.Bd7 ( {White has to be careful not to part with his queen, as in the line} 24.Qxa6 c6 25.Bxc6 Nxc6 26.Qxc6 Rf6 27.Ne5 Qg8 $1 ) 24...Rf6 {The queen is trapped nevertheless?} ( {Here Black has a sudden and amazing way to coordinate his pieces with} 24...Bf6 $3 {The main idea is demonstrated by the line} 25.Ng5 ( {The main trick works in these lines too:} 25.Rd3 Rxb2 26.Kxb2 Nxc5 ) ( {Or} 25.Ne5 Bxe5 26.dxe5 Nb3+ {followed by a capture on c5.} ) 25...Nb3+ 26.Kc2 Nbxc5 $3 {When White has to be careful not to get mated:} 27.dxc5 Rxb2+ 28.Kd3 $1 ( {Rather than} 28.Kc1 Qb8 $1 ) 28...Qa8 $1 {And the machine suggests a handshake after} 29.Bc6 Qd8+ 30.Bd7 ) 25.Ne5 $3 {Nope, White has it all covered!} 25...Rxb2 ( {The white pieces are surprisingly flexible after} 25...Rxe6 26.Nf7+ Kh7 27.Nxd8 Rf6 28.Ne6 ) 26.Kxb2 {This obvious capture is not the best, though!} ( {The other capture is winning outright instead:} 26.Qxf6 $3 {But to play it, a player needs to have nerves of titanium because} 26...Qb8 ( {Or the instant loss} 26...Bxf6 27.Nf7+ ) ( {Or a similar escape of the king after} 26...Rb1+ 27.Kc2 $1 Rb2+ 28.Kd3 $1 ) 27.Qf7 $1 {does not lead Black anywhere, and the checks are useless:} 27...Rb1+ 28.Kc2 Rb2+ ( {Nothing changes} 28...Qb2+ 29.Kd3 ) 29.Kd3 {There is not even a perpetual!} ) 26...Qb8+ 27.Ka3 Rxe6 28.Bxe6 {One more move and White would lock up everything with Rd1-b1; however, Ponkratov does not give up without a fight.} 28...Qb6 $3 29.Bf7 Qf6 {The queen is out, and this is very dangerous.} 30.Bg5 {A beautiful way to attack, but as we know, not everything that glitters is gold.} ( {The neat path for the edge is} 30.Rhe1 $3 {when} 30...Bxc5+ 31.dxc5 Qxe5 32.Rd8+ Kh7 33.Bd4 Qe7 34.Rg8 Qxf7 35.Rxg7+ Qxg7 36.Bxg7 Kxg7 37.f3 {gives White a serious endgame advantage.} ) 30...Nxg5 {Alas, this loses.} ( {The stunning resource} 30...Bxc5+ $3 {would have saved Black instead, e.g.} 31.dxc5 ( {Or} 31.Ka2 Nc3+ 32.Kb2 Nxd1+ 33.Kc2 Qb6 34.Ng6+ Kh7 35.dxc5 Qxc5+ 36.Kxd1 {which is also equal according to the machine after both} 36...Nb3 ( {Or} 36...Nc6 ) ) 31...Qxe5 32.Rd8+ Kh7 33.Bg8+ {with perpetual check.} 33...Kh8 ( {Black cannot deviate:} 33...Kg6 $4 34.h5+ Kxg5 35.f4+ ) 34.Bf7+ ) 31.hxg5 Qxg5 32.Rb1 $1 {The white pieces infiltrate.} 32...g6 33.Rb8+ Kh7 34.Rd1 $1 {Not letting the queen out. Bacrot is showing no mercy.} ( 34.Re8 $1 {would also do the job.} ) ( {But not} 34.Bxg6+ Kg7 35.Rd1 Nc4+ $1 {when everything starts over again.} ) 34...Bf6 35.Bxg6+ Kg7 36.Bf7 Kh7 37.Bg8+ {A nice little maneuver to improve the bishop.} 37...Kg7 38.Bd5 {The black knight is trapped with tempo.} 38...Kh7 39.Rg8 Bg7 40.Re8 Bxe5 41.Rxe5 Qg4 42.Rd3 f4 43.Kb4 fxg3 44.Re7+ $1 {Winning the queen by force, therefore Black resigned.} ( 44.Re7+ Kh8 45.Re8+ Kh7 46.Be4+ Kg7 47.Rxg3 ) 1-0

[Event "E World Cup 2021"]
[Site "Sochi"]
[Date "2021.07.24"]
[Round "4.3"]
[White "Andreikin, Dmitry"]
[Black "Ivic, Velimir"]
[Result "0-1"]
[WhiteElo "2740"]
[BlackElo "2324"]
[EventDate "2021.??.??"]
[Annotator "Bojkov,Dejan"]
[PlyCount "162"]
[Beauty "5293819570725"]
[EventType "team-tourn"]
[EventCountry "RUS"]

1.Nf3 Nf6 2.b3 g6 3.Bb2 Bg7 4.g3 O-O 5.Bg2 d6 6.d4 {The doubled fianchetto is an anti-KID line, which both Andreikin and Artemiev love and play with pleasure.} 6...a5 {One of the ways to fight for equality, in the spirit of the Grunfeld defense.} ( {The world champion chose instead} 6...b5 7.O-O Bb7 8.Qd3 a6 9.Nbd2 c5 10.dxc5 dxc5 11.a4 Qxd3 12.cxd3 Nbd7 {and did well in Artemiev,V (2709)-Carlsen,M (2847) Online 2021} ) 7.c4 a4 {Consistent.} ( {Black can also swap a pair of knights at once with} 7...Ne4 8.Nc3 Nxc3 9.Bxc3 {but Ivic will do this later. Another top game went} 9...c6 10.O-O Nd7 11.Qc2 Nf6 12.e4 d5 13.e5 Ne4 14.Nd2 Nxc3 15.Qxc3 e6 16.Rfe1 b5 17.cxb5 cxb5 18.a3 {Howell,D (2663)-Lagarde,M (2657) Online 2020} ) 8.Nbd2 a3 $1 $146 {This is a novelty that looks just fine.} ( {Although Black also did quite well after} 8...c5 9.O-O Qc7 10.Qc2 Nc6 11.Bc3 Bf5 12.Qd1 Ne4 13.Nxe4 Bxe4 14.e3 axb3 15.axb3 Qb6 {Jaferian,K (2163)-Shtembuliak,E (2620) Online 2021} ) 9.Bc3 c5 10.O-O ( {It is not easy to stabilize the position in the center as} 10.d5 e6 {opens it in Black's favor.} ) 10...Nc6 11.e3 ( {Here too} 11.d5 {allows Black a chance to counterattack with} 11...Nb4 12.Ne1 b5 $1 ) 11...Bf5 12.Qe2 ( {It is not that easy to bother the bishop:} 12.Nh4 Bg4 ) 12...Ne4 13.Nxe4 Bxe4 {Now that a pair of knights has been swapped, Black has enough room for his pieces to maneuver. The central pressure is also favorable for him. All in all, Ivic has equalized with ease.} 14.Rfd1 e6 15.Rac1 {We can now appreciate the young Serbian's novelty. With the a-file locked, Andreikin finds it hard to form an active plan. There is no b2-square for his queen, no doubling along the a-file, and the pawn on a2 is a potential weakness.} ( {The play a la the Queen's Indian} 15.Bf1 {which attempts to avoid the swap of the light-squared bishop can be met with} 15...Qe7 16.Ne1 g5 $1 {and Black is doing great.} ) 15...Qe7 16.Ne1 {Finally Andreikin agrees to swap another pair of pieces.} ( {If} 16.Bf1 e5 {is good for Black.} ) 16...Bxg2 17.Nxg2 cxd4 18.exd4 d5 {Ivic tries to fix the enemy pawns on the color of his own bishop, but this plan has a concrete flaw.} 19.Ne3 {But Andreikin misses the moment.} ( {Strong is} 19.cxd5 $1 exd5 20.Qxe7 Nxe7 21.Bb4 {when White would put pressure on the enemy pawns first after} 21...Rfe8 22.Ne3 Nc6 23.Bc5 Red8 24.Rc3 $1 {followed by Ne3-c2!} ) 19...Rfd8 20.c5 b6 $1 {Now Black takes over the initiative.} 21.Qb5 {A risky affair.} ( {As} 21.cxb6 Qb7 22.Qb5 Ra6 {regains the pawn with an excellent position.} ) 21...Na7 $1 {Ivic felt that the queen might get trapped in his camp.} 22.Qxb6 Rdb8 23.Qa6 ( {Safer is} 23.Qd6 Qxd6 24.cxd6 Nb5 {but then Black would be just much better, thanks to his better pawn structure and powerful light pieces.} ) 23...Nb5 24.Qc6 Qd8 {Overprotecting the d5-spot and keeping White from sacrificing his knight for a pair of central pawns.} ( 24...h5 $5 {at once is very good as well.} ) 25.Ba1 h5 $1 {That is an important part of Ivic's plan. The white knight is deprived of the g4-square.} ( {Why this is important is demonstrated by the line} 25...Nc7 26.Qd6 Qxd6 27.cxd6 Nb5 28.Rc6 Rd8 29.Ng4 $1 ) ( {And if Black tries to trap the enemy queen with} 25...Qa5 {then White would surely sacrifice his knight with} 26.Nxd5 $1 exd5 27.Qxd5 {for a pair of strong passers.} ) 26.Ng2 {For the moment, the knight releases the pressure from the d5-pawn, and this could have been lethal for White.} ( {The computer suggestion} 26.b4 Nc7 27.Qd6 Qxd6 28.cxd6 Nb5 29.d7 Kf8 {does not solve his problems at all.} ) 26...Bf8 $1 {Slowly surrounding the queen.} ( {However, there are even better alternatives:} 26...Qa5 $1 {intends to trap the queen after, say} 27.Ne3 Ra6 28.Qd7 ( {Therefore White should try instead} 28.Nxd5 Rxc6 29.Ne7+ Kh7 30.Nxc6 Qa8 {but it is obvious that White would not get enough for the queen.} ) 28...Ra7 29.Qc6 Rc7 $1 ) ( {And another way to trap milady is} 26...Bh6 $1 {Not letting her noble knight come to the rescue} 27.Ne3 Bxe3 28.fxe3 Qa5 {and wins as above.} ) 27.Ne3 $1 {Andreikin quickly realizes his mistake and finds a chance to keep fighting.} 27...Nc7 28.Nc4 $1 {That's the only way.} 28...dxc4 29.bxc4 Na6 ( {Strong is to deal with the pawns at once with} 29...e5 $1 {with the idea} 30.d5 ( {Or} 30.dxe5 Qc8 $1 ) 30...Ra6 $1 ) 30.Qf3 Qg5 ( {Here the passers could be tempted with} 30...Bg7 31.Bc3 Qf8 {preparing e6-e5!} ) 31.c6 Qf5 {In any case, Ivic is winning, but from here on the players are desperately lacking time.} ( 31...h4 $5 ) 32.Qxf5 gxf5 33.d5 exd5 34.cxd5 Bd6 35.Rc4 ( {Stronger is to try and bring the passers into motion with} 35.f4 Nc7 36.Be5 $1 ) 35...Rb4 ( 35...Nc7 $5 ) ( 35...Rb5 $5 ) 36.Rc3 Nc7 37.Rf3 Rab8 38.Kg2 ( {And here White needs to get rid of the potential passer with} 38.Rxa3 $1 Rb1 39.Rd3 Rxd1+ 40.Rxd1 Ra8 ) 38...Rb1 39.Rxb1 Rxb1 40.Bf6 Rb5 ( {A neater win would be} 40...Nxd5 $1 41.Rxf5 Nxf6 42.Rxf6 Be7 ) 41.Rxf5 Rxd5 42.Rf3 $1 {Andreikin knows that there are no chances for him without the rooks.} 42...Ne6 43.h4 Kh7 {Ivic feels the danger and safeguards his king.} ( 43...Kf8 $5 {would be good too.} ) ( {But Black should definitely avoid} 43...Rd2 44.Rf5 Rxa2 $2 ( 44...Kh7 $1 {still works for Black.} ) 45.Rxh5 Ng7 46.Rg5 Bf8 47.Bxg7 Bxg7 48.Rc5 $1 {and White is out of danger.} ) 44.Ba1 f5 45.Re3 $1 {Andreikin is one of the greatest rapid and blitz specialists in the world and would not give up without a fight. Every move he plays is a threat; every move improves something in his position.} 45...Nc7 46.Bf6 Rc5 ( {Here, though,} 46...Rd2 $1 {picking up the a2-pawn would be faster.} ) 47.Be7 Nb5 {Missing White's idea.} ( {Instead} 47...Nd5 $1 48.Bxd6 Nxe3+ 49.fxe3 Rxc6 50.Bxa3 Rc3 51.Bd6 Rxe3 {should still win for Black.} ) 48.Bxd6 Nxd6 {The more important of the minor pieces has been traded by White, and he now has a chance against the knight.} 49.Re7+ Kg8 50.c7 Kf8 51.Rd7 Ne8 52.Rh7 ( 52.Rd5 $1 Rxc7 53.Rxf5+ Kg8 54.Rxh5 Rc2 55.Ra5 Rxa2 56.g4 {would lead to the same.} ) 52...Rxc7 53.Rxh5 Rc2 54.Rxf5+ Kg7 55.Ra5 Rxa2 56.g4 $1 {Suddenly it is a draw as the white rook and pawns find common language.} 56...Nd6 57.g5 ( {Also good is} 57.h5 $1 Nc4 ( 57...Ne4 58.Kf3 Nxf2 59.g5 ) 58.Ra7+ Kf6 59.Ra6+ Kg7 ( {Black also has to be careful:} 59...Kg5 $4 60.Kg3 $1 {would mate him instead!} ) 60.g5 ) 57...Nc4 58.Ra7+ Kg6 59.Kg3 Rb2 60.Kg4 Ne5+ 61.Kf4 Nd3+ 62.Ke3 Rb3 63.Ra6+ Kf5 64.Ra5+ Ke6 ( 64...Kg4 $2 65.g6 ) 65.f4 a2 {The last try.} 66.f5+ ( 66.Rxa2 $4 Nb4+ ) 66...Kd6 67.f6 ( {Perhaps it is wiser to advance the more distant pawn instead, purely from a practical point of view:} 67.g6 Nc5+ 68.Kf2 $1 ( {But here White needs to avoid stepping on the fourth rank:} 68.Kf4 $2 {due to} 68...Rb4+ 69.Kf3 Na4 ) ) 67...Nc5+ 68.Ke2 Rb2+ 69.Kf3 Ke6 70.Kg4 $4 {The drama of time trouble! After an enormous fight for his life, Andreikin finally errs due to the time deficit.} ( {Both} 70.Kg3 $1 ) ( {Or} 70.Ra8 $1 {would lead to a draw.} ) 70...Rb4+ 71.Kh5 Ra4 $1 {This might have been missed by White!} ( {He likely only considered} 71...Na4 72.Ra6+ Kd5 73.f7 a1=Q 74.f8=Q {when White is safe.} ) 72.Rxc5 ( 72.Rxa4 Nxa4 {changes nothing.} ) 72...a1=Q {Now Ivic finally wins, but his opponent would not miss one last little chance.} 73.Rc6+ Kd5 74.f7 Qh8+ 75.Rh6 Qf8 76.Rf6 Ke5 77.Kg6 Rxh4 78.Re6+ $1 Kf4 $1 ( 78...Kxe6 $4 {Stalemate!} ) 79.Re8 Qd6+ 80.Kg7 Kxg5 $1 81.f8=Q Qg6# {The young Serbian GM has the tournament of his life!} 0-1